000 00488nam a22001697a 4500
005 20180504103218.0
010 _aENG-122879
020 _a9788192885599
_c695.00
035 _aEN-106411
037 _bDBAD/PUB
082 _a181.432
245 _aPatanjali yoga sutras /
260 _aNew Delhi
_bSolar Books
_c2015
270 _a4239A/1 Veer Sadan, Ansari Road, Darya Ganj,
_bNew Delhi
_e110002
300 v _a144p.
_c21cm(Hb)
_bill.
942 _2ddc
_cEN
_mPAT
_h181.432
999 _c151874
_d151874